[Event "Titled Tue 1st Jul Late"]
[Site "chess.com INT"]
[Date "2025.07.01"]
[Round "3"]
[White "Kocharin, Timur"]
[Black "Santos, Antonio P"]
[Result "0-1"]
[WhiteTitle "FM"]
[BlackTitle "FM"]
[WhiteElo "2304"]
[BlackElo "2165"]
[WhiteFideId "16240936"]
[BlackFideId "1900161"]
[EventDate "2025.07.01"]

1. h4 Nf6 2. a4 d5 3. g3 e5 4. Bg2 c5 5. b3 Nc6 6. Bb2 Bd6 7. d3 Be6 8. e3 Rc8
9. Ne2 O-O 10. Nd2 Re8 11. e4 d4 12. Nc4 b6 13. Bh3 Bxh3 14. Rxh3 Qd7 15. Rh1
Bc7 16. Kf1 a6 17. Kg2 b5 18. Nd2 Ng4 19. h5 h6 20. Rh4 Nf6 21. axb5 axb5 22.
Nf1 Ra8 23. Rxa8 Rxa8 24. g4 Nh7 25. Nfg3 Ng5 26. Bc1 Bd8 27. Nf5 Ne7 28. Neg3
Nxf5 29. Nxf5 Ra1 30. Rh1 Ne6 31. Qf3 Ra2 32. Qe2 Bg5 33. Bxg5 Nxg5 34. Qd2 Ne6
35. Kg3 Nf4 36. Rb1 Kh7 37. Rh1 c4 38. bxc4 bxc4 39. Rb1 cxd3 40. Qb4 dxc2 41.
Qf8 Qxf5 42. Rb8 Ne2+ 43. Kh3 Qf3+ 44. Kh4 Qxf2+ 45. Kh3 Qg3# 0-1

[Event "Titled Tue 1st Jul Late"]
[Site "chess.com INT"]
[Date "2025.07.01"]
[Round "3"]
[White "Grzesik, Gracjan"]
[Black "Shendrik, Zhanna"]
[Result "1-0"]
[WhiteTitle "CM"]
[BlackTitle "WCM"]
[WhiteElo "2175"]
[BlackElo "1990"]
[WhiteFideId "1194593"]
[BlackFideId "24106160"]
[EventDate "2025.07.01"]

1. c4 Nf6 2. Nc3 d5 3. cxd5 Nxd5 4. g3 e6 5. Bg2 c5 6. Nf3 Be7 7. O-O O-O 8.
Nxd5 Qxd5 9. d4 cxd4 10. Nxd4 Qa5 11. Nb3 Qh5 12. Be3 Nc6 13. Rc1 Rd8 14. Qc2
Bd7 15. Rfd1 Be8 16. Bf3 Qh3 17. Bc5 Bg5 18. Rxd8 Rxd8 19. Rd1 Rxd1+ 20. Qxd1 b6
21. Qd6 bxc5 22. Bxc6 Bxc6 23. Qb8+ 1-0

[Event "Titled Tue 1st Jul Late"]
[Site "chess.com INT"]
[Date "2025.07.01"]
[Round "3"]
[White "Vlassov, Nikolai"]
[Black "Pribelszky, Bence"]
[Result "1-0"]
[WhiteTitle "IM"]
[BlackTitle "IM"]
[WhiteElo "2291"]
[BlackElo "2396"]
[WhiteFideId "4103360"]
[BlackFideId "769738"]
[EventDate "2025.07.01"]

1. e4 c5 2. c3 Nf6 3. e5 Nd5 4. d4 cxd4 5. cxd4 e6 6. Nc3 d6 7. f4 dxe5 8. fxe5
Nc6 9. Nf3 Bb4 10. Qd3 O-O 11. Ng5 f5 12. exf6 Nxf6 13. Be3 h6 14. Ne4 e5 15.
Qc4+ Kh8 16. dxe5 Bxc3+ 17. Nxc3 Nxe5 18. Qd4 Neg4 19. O-O-O Bf5 20. Qxd8 Rfxd8
21. Rxd8+ Rxd8 22. Bxa7 Ne4 23. Be2 Ngf2 24. Rf1 Nxc3 25. bxc3 Nd3+ 26. Bxd3
Bxd3 27. Rf7 Ra8 28. Bd4 Rxa2 29. Rxg7 Rc2+ 30. Kd1 Ra2 31. Rg3+ Kh7 32. Rxd3
Ra1+ 33. Ke2 1-0

[Event "Titled Tue 1st Jul Late"]
[Site "chess.com INT"]
[Date "2025.07.01"]
[Round "3"]
[White "Winkels, Marcel"]
[Black "Ivashentseva, Dominika"]
[Result "0-1"]
[WhiteTitle "CM"]
[BlackTitle "WCM"]
[WhiteElo "1905"]
[BlackElo "1969"]
[WhiteFideId "1003887"]
[BlackFideId "34331050"]
[EventDate "2025.07.01"]

1. e4 c5 2. d4 cxd4 3. c3 dxc3 4. Nxc3 e6 5. Bc4 Nc6 6. Nf3 Bb4 7. O-O Bxc3 8.
bxc3 Nge7 9. Bf4 d5 10. exd5 exd5 11. Bd3 Ng6 12. Bg3 O-O 13. h4 Be6 14. h5 Nge7
15. Re1 Nf5 16. Bf4 Qf6 17. Bg5 Qxc3 18. Rc1 Qb2 19. Rc2 Qb6 20. Rc1 h6 21. Bf4
Ncd4 22. Nxd4 Qxd4 23. Be5 Qh4 24. g3 Qg5 25. Bf4 Qf6 26. Be5 Qd8 27. Qg4 Qg5
28. Qf3 Nh4 29. Qe2 Bg4 30. Qf1 Nf3+ 31. Kg2 Qxh5 32. Qh1 Nxe1+ 33. Qxe1 Bf3+ 0-1

[Event "Titled Tue 1st Jul Late"]
[Site "chess.com INT"]
[Date "2025.07.01"]
[Round "3"]
[White "Arakelyan, Manvel"]
[Black "Gholami Orimi, Mahdi"]
[Result "0-1"]
[WhiteTitle "FM"]
[BlackTitle "GM"]
[WhiteElo "2326"]
[BlackElo "2511"]
[WhiteFideId "13317415"]
[BlackFideId "12558486"]
[EventDate "2025.07.01"]

1. e4 g6 2. d4 Bg7 3. Nc3 c6 4. Be3 d6 5. Qd2 Nd7 6. h4 h6 7. Nf3 b5 8. Bd3 Bb7
9. a3 Qc7 10. O-O Ngf6 11. Rfe1 Ng4 12. Bf4 e5 13. dxe5 dxe5 14. Bg3 Rd8 15. Qe2
Ndf6 16. Nh2 Bc8 17. Rad1 O-O 18. Nxg4 Bxg4 19. f3 Be6 20. Qe3 Rd7 21. Qc5 Nh5
22. Bh2 Rfd8 23. Be2 Nf4 24. Bf1 Rxd1 25. Rxd1 Rxd1 26. Nxd1 Qd8 27. Nf2 Qd2 0-1

[Event "Titled Tue 1st Jul Late"]
[Site "chess.com INT"]
[Date "2025.07.01"]
[Round "3"]
[White "Guerrero Cataldo, Juan Andres"]
[Black "McDonald, Jhustice-Dimonte"]
[Result "1-0"]
[WhiteTitle "CM"]
[BlackTitle "CM"]
[WhiteElo "2082"]
[BlackElo "2032"]
[WhiteFideId "3421260"]
[BlackFideId "7402481"]
[EventDate "2025.07.01"]

1. e4 b6 2. Nc3 Bb7 3. Bc4 e6 4. d3 Nf6 5. a4 d5 6. exd5 exd5 7. Bb3 d4 8. Ne4
Nxe4 9. dxe4 Bb4+ 10. Bd2 Bxd2+ 11. Qxd2 Bxe4 12. Bxf7+ Kxf7 13. Qf4+ Qf6 14.
Qxc7+ Qe7 15. Qf4+ Bf5+ 16. Ne2 Qe4 17. Qc7+ Nd7 18. Qc4+ Be6 19. Qxd4 Qxd4 20.
Nxd4 Nf6 21. O-O Rhe8 22. h3 Bd5 23. c3 Nh5 24. g3 Nf6 25. Rfd1 Rad8 26. a5 bxa5
27. Rxa5 Re7 28. g4 Rde8 29. g5 Re1+ 30. Rxe1 Rxe1+ 31. Kh2 Rh1+ 32. Kg3 Ne4+
33. Kf4 Ba8 34. Rxa7+ Kg6 35. Rxa8 Nxg5 36. Ra6+ Kh5 37. Ra5 h6 38. Ne6 Rxh3 39.
Nxg7+ Kg6 40. Kg4 Kxg7 41. Rxg5+ hxg5 42. Kxh3 1-0

[Event "Titled Tue 1st Jul Late"]
[Site "chess.com INT"]
[Date "2025.07.01"]
[Round "3"]
[White "Pica, Eleni"]
[Black "Unver, Cumayi"]
[Result "0-1"]
[WhiteTitle "WCM"]
[WhiteElo "1686"]
[BlackElo "2012"]
[WhiteFideId "5910005"]
[BlackFideId "6304940"]
[EventDate "2025.07.01"]

1. d4 e6 2. c4 Nf6 3. Nc3 c5 4. d5 exd5 5. cxd5 d6 6. Nf3 a6 7. Bg5 b5 8. a3 Be7
9. e4 O-O 10. Bd3 h6 11. Bh4 Nxe4 12. Bxe7 Nxc3 13. Bxd8 Nxd1 14. Kxd1 Rxd8 15.
Re1 Bg4 16. h3 Bxf3+ 17. gxf3 Kf8 18. Kc2 Nd7 19. f4 c4 20. Bf5 Nc5 21. Rg1 Re8
22. Rg3 Re2+ 23. Kc3 a5 24. f3 Na4+ 25. Kd4 Nxb2 26. Rag1 g6 27. Bd7 b4 28. axb4
axb4 29. R3g2 Rxg2 30. Rxg2 c3 31. Bc6 Ra1 32. Re2 Rd1+ 33. Ke3 Nc4+ 34. Kf2 Rd2
35. Rxd2 Nxd2 36. Ke2 b3 37. Kd1 b2 0-1

[Event "Titled Tue 1st Jul Late"]
[Site "chess.com INT"]
[Date "2025.07.01"]
[Round "3"]
[White "Svane, Frederik"]
[Black "Tekeyev, Zaur"]
[Result "1-0"]
[WhiteTitle "GM"]
[BlackTitle "IM"]
[WhiteElo "2667"]
[BlackElo "2407"]
[WhiteFideId "12923044"]
[BlackFideId "4199731"]
[EventDate "2025.07.01"]

1. e4 c5 2. Nf3 Nc6 3. Bb5 g6 4. O-O Bg7 5. d3 d6 6. c3 Bd7 7. d4 cxd4 8. cxd4
Nf6 9. Nc3 a6 10. Bxc6 bxc6 11. h3 O-O 12. Be3 Qa5 13. Qc2 Rab8 14. Rfe1 Rfc8
15. Rac1 h6 16. b3 Be6 17. Na4 Qb5 18. Nc3 Qa5 19. Qd2 Qh5 20. Nh2 c5 21. d5 Bd7
22. Nf1 g5 23. Ng3 Qh4 24. Nf5 Bxf5 25. exf5 g4 26. hxg4 Nxg4 27. Bf4 Bd4 28.
Ne4 Rb4 29. Bg3 Nxf2 30. Bxf2 Bxf2+ 31. Nxf2 Rd4 32. Qe3 Rxd5 33. Rc4 Qf6 34.
Ng4 Qg7 35. Nxh6+ Kf8 36. Qxe7# 1-0

[Event "Titled Tue 1st Jul Late"]
[Site "chess.com INT"]
[Date "2025.07.01"]
[Round "3"]
[White "Montano Vicente, Guadalupe"]
[Black "Klepek, Witold"]
[Result "0-1"]
[BlackTitle "CM"]
[WhiteElo "1938"]
[BlackElo "2253"]
[WhiteFideId "5181399"]
[BlackFideId "1175068"]
[EventDate "2025.07.01"]

1. d4 Nf6 2. c4 e6 3. Nc3 Bb4 4. Qc2 d5 5. e3 O-O 6. Bd3 dxc4 7. Bxc4 c5 8. Nf3
Nc6 9. dxc5 Qa5 10. O-O Qxc5 11. Bd3 Qh5 12. Bd2 e5 13. a3 Bxc3 14. Bxc3 Bg4 15.
Nd2 Rac8 16. Ne4 Nd5 17. Ng3 Qh4 18. Bf5 Bxf5 19. Nxf5 Qg5 20. Rac1 Nxc3 21.
bxc3 Rfd8 22. Qe4 g6 23. Ng3 Qe7 24. Qa4 f5 25. Rfd1 Kg7 26. h4 h5 27. Rb1 Rxd1+
28. Rxd1 Rd8 29. Rxd8 Qxd8 30. Qb5 Qd1+ 31. Kh2 Qd7 32. Qc5 Qe7 33. Qb5 Qxh4+
34. Kg1 Qe7 35. e4 h4 36. Ne2 f4 37. a4 a6 38. Qd5 Qd8 39. c4 Qxd5 40. cxd5 Na5
41. Nc1 b5 0-1

[Event "Titled Tue 1st Jul Late"]
[Site "chess.com INT"]
[Date "2025.07.01"]
[Round "3"]
[White "Garg, Priyansh"]
[Black "Romany, Joy"]
[Result "1-0"]
[BlackTitle "WIM"]
[WhiteElo "2089"]
[BlackElo "1960"]
[WhiteFideId "30984696"]
[BlackFideId "10656820"]
[EventDate "2025.07.01"]

1. d4 Nf6 2. Nc3 d5 3. Bf4 c6 4. e3 g6 5. h4 h5 6. Nf3 Bg7 7. Ne5 Qb6 8. Na4
Qa5+ 9. c3 Nbd7 10. b4 Qd8 11. Nc5 Nxe5 12. Bxe5 b6 13. Na6 Bxa6 14. Bxa6 Qd7
15. O-O O-O 16. g3 Ne4 17. Bxg7 Kxg7 18. Qc2 g5 19. Bd3 f5 20. hxg5 Nxg5 21. f4
Ne4 22. Bxe4 fxe4 23. Qe2 Qf5 24. Rf2 Kf7 25. Rg2 Rg8 26. Kf2 Rg4 27. Rh1 Rag8
28. a4 Qf6 29. Rxh5 Qg6 30. Rh3 Qd6 31. Rh7+ Ke8 32. Qa6 Qc7 33. a5 bxa5 34.
Qxa5 Qxa5 35. bxa5 Kd7 36. Rh1 Rb8 37. Rc1 Rb5 38. Ra1 Rb3 39. Rc1 Ra3 40. Kg1
Rxa5 41. Kh2 Rb5 42. Kh3 Rg8 43. g4 a5 44. g5 a4 45. Ra1 Ra5 46. Rga2 Rga8 47.
f5 Ke8 48. g6 Kf8 49. Kg4 Kg7 50. Rh1 Rh8 51. Rxh8 Kxh8 52. Kg5 Kg7 53. Rh2 a3
54. Rh7+ Kg8 55. Rxe7 a2 56. Re8+ Kg7 57. f6# 1-0

[Event "Titled Tue 1st Jul Late"]
[Site "chess.com INT"]
[Date "2025.07.01"]
[Round "3"]
[White "Sturt, Raven"]
[Black "Svane, Rasmus"]
[Result "0-1"]
[WhiteTitle "GM"]
[BlackTitle "GM"]
[WhiteElo "2459"]
[BlackElo "2626"]
[WhiteFideId "2007304"]
[BlackFideId "4657101"]
[EventDate "2025.07.01"]

1. f4 d5 2. Nf3 Nf6 3. e3 g6 4. b3 Bg7 5. Bb2 O-O 6. Be2 c5 7. O-O Nc6 8. Ne5 d4
9. Nxc6 bxc6 10. Na3 Be6 11. Nc4 a5 12. Bf3 Bxc4 13. bxc4 Qd6 14. d3 Rab8 15.
Rb1 Rxb2 16. Rxb2 dxe3 17. Rb6 Qxf4 18. Rxc6 Qe5 19. Qe1 Rb8 20. Qxa5 e2 21. Re1
Ng4 22. Bxg4 Qd4+ 23. Kh1 Qxg4 24. Qd2 Be5 25. c3 Qh4 26. g3 Bxg3 27. Rxe2 Rb1+
28. Kg2 Qxh2+ 29. Kf3 Rf1+ 30. Ke3 Bf4+ 31. Ke4 Qh1+ 32. Rg2 Bxd2 0-1

[Event "Titled Tue 1st Jul Late"]
[Site "chess.com INT"]
[Date "2025.07.01"]
[Round "3"]
[White "Ozen, Batuhan"]
[Black "Lebedev, Artem S."]
[Result "0-1"]
[WhiteTitle "CM"]
[BlackTitle "CM"]
[WhiteElo "2128"]
[BlackElo "2164"]
[WhiteFideId "6345123"]
[BlackFideId "34272747"]
[EventDate "2025.07.01"]

1. c4 c5 2. Nc3 Nc6 3. g3 g6 4. Bg2 Bg7 5. Nf3 d6 6. O-O Nf6 7. Rb1 Bd7 8. a3
Qc8 9. b4 Bh3 10. bxc5 dxc5 11. Bxh3 Qxh3 12. Rxb7 Ng4 13. Qa4 Rc8 14. Nd5 O-O
15. Nxe7+ Nxe7 16. Rxe7 Rb8 17. d3 Rb6 18. Qxa7 Rf6 19. Re4 h5 20. Qxc5 Rxf3 21.
Rxg4 hxg4 22. Bf4 Re8 23. Re1 Rxd3 24. Qc6 Rdd8 25. a4 Rc8 26. Qb5 Bh6 27. Be5
Bf8 28. Rd1 Red8 29. Rb1 Rc5 30. Qb2 Bg7 31. Bxg7 Rh5 0-1

[Event "Titled Tue 1st Jul Late"]
[Site "chess.com INT"]
[Date "2025.07.01"]
[Round "3"]
[White "Castillo Pena, Patricia Evarista"]
[Black "Shapiro, Daniel"]
[Result "0-1"]
[WhiteTitle "WFM"]
[BlackTitle "FM"]
[WhiteElo "1909"]
[BlackElo "2284"]
[WhiteFideId "6412106"]
[BlackFideId "2001780"]
[EventDate "2025.07.01"]

1. d4 Nf6 2. Nf3 d5 3. e3 g6 4. Nc3 Bg7 5. Be2 Nbd7 6. b3 O-O 7. Bb2 b6 8. O-O
Bb7 9. Bd3 c5 10. a3 Rc8 11. Qd2 Ne4 12. Bxe4 dxe4 13. Ne1 Ne5 14. Rd1 Ng4 15.
h3 Nh6 16. Qe2 Qc7 17. Nb5 Qb8 18. c4 a6 19. Nc3 cxd4 20. exd4 f5 21. d5 Nf7 22.
Na4 Ba8 23. Bxg7 Kxg7 24. Qb2+ Kg8 25. Qd4 b5 26. Nc5 bxc4 27. bxc4 Qe5 28. Ne6
Qxd4 29. Rxd4 Rfe8 30. g3 Nd8 31. Nxd8 Rexd8 32. Ng2 e6 33. Rfd1 exd5 34. cxd5
Rd6 35. Nf4 Rc5 36. h4 Kf7 37. Ra4 h6 38. Kf1 g5 39. hxg5 hxg5 40. Ne2 Kf6 41.
Ke1 Ke5 0-1

[Event "Titled Tue 1st Jul Late"]
[Site "chess.com INT"]
[Date "2025.07.01"]
[Round "3"]
[White "Zieba, Hubert"]
[Black "Guha, Eshan"]
[Result "0-1"]
[WhiteTitle "CM"]
[WhiteElo "2233"]
[BlackElo "2071"]
[WhiteFideId "21844704"]
[BlackFideId "30958628"]
[EventDate "2025.07.01"]

1. d4 Nf6 2. c4 c5 3. d5 b5 4. cxb5 a6 5. bxa6 g6 6. Nc3 Bg7 7. g3 O-O 8. Bg2 d6
9. Nf3 Nxa6 10. O-O Bf5 11. Nd2 Qd7 12. Re1 Rfb8 13. e4 Bh3 14. Bh1 Nb4 15. Nc4
Ng4 16. a3 Bd4 17. Be3 Na6 18. Bxd4 cxd4 19. Qxd4 Nc5 20. Rad1 Nb3 21. Qd3 Qa7
22. Ne3 Ne5 23. Qe2 Nd4 24. Rxd4 Qxd4 25. f4 Ng4 26. Bf3 Nxe3 27. Qxe3 Qxe3+ 28.
Rxe3 Rxb2 29. g4 Rxa3 30. Bd1 Rb1 31. Kf2 Rc1 32. Ne2 Rxe3 33. Nxc1 Rxe4 34. Nd3
Rd4 35. Ke3 Rxd5 36. Bf3 Ra5 37. Kf2 Ra3 38. Ne1 Ra2+ 39. Kg3 Bf1 40. Bd5 Rd2
41. Be4 Bb5 42. Nf3 Rb2 43. h4 Bd7 44. h5 Kg7 45. hxg6 hxg6 46. Ne1 Rb3+ 47. Kh4
Re3 0-1

[Event "Titled Tue 1st Jul Late"]
[Site "chess.com INT"]
[Date "2025.07.01"]
[Round "3"]
[White "Ferrara, Enzo"]
[Black "Uyanga, Byambaa"]
[Result "1-0"]
[BlackTitle "WFM"]
[WhiteElo "2138"]
[BlackElo "2006"]
[WhiteFideId "137731"]
[BlackFideId "2054906"]
[EventDate "2025.07.01"]

1. d4 Nf6 2. c4 g6 3. Nc3 Bg7 4. e4 O-O 5. f4 d6 6. Nf3 c5 7. d5 Bg4 8. Be2 e6
9. O-O exd5 10. cxd5 Re8 11. h3 Bxf3 12. Bxf3 b5 13. e5 Nfd7 14. Nxb5 dxe5 15.
d6 e4 16. Bxe4 Rxe4 17. Qd5 Re2 18. Qxa8 a6 19. Qf3 Rc2 20. Qe4 Rxc1 21. Raxc1
axb5 22. Qe7 Qb6 23. f5 Bf8 24. Qe8 Qxd6 25. Rcd1 Qc7 26. fxg6 hxg6 27. Qxf7+
Kh8 28. Qxg6 Qe5 29. Rf5 Qe3+ 30. Kh1 Bg7 31. Rh5+ Kg8 32. Rg5 1-0

[Event "Titled Tue 1st Jul Late"]
[Site "chess.com INT"]
[Date "2025.07.01"]
[Round "3"]
[White "Maghsoodloo, Parham"]
[Black "Salinas Herrera, Pablo"]
[Result "1-0"]
[WhiteTitle "GM"]
[BlackTitle "GM"]
[WhiteElo "2691"]
[BlackElo "2447"]
[WhiteFideId "12539929"]
[BlackFideId "3407128"]
[EventDate "2025.07.01"]

1. Nf3 d5 2. c4 e6 3. g3 dxc4 4. Qa4+ Nd7 5. Qxc4 a6 6. Qc2 b5 7. Bg2 Bb7 8. O-O
c5 9. d3 Ngf6 10. Nc3 Be7 11. Rd1 O-O 12. h3 Qb6 13. e4 Rfd8 14. Be3 Rac8 15. a4
b4 16. Nb1 a5 17. Nbd2 Ba6 18. Nc4 Qc7 19. Bf4 Qa7 20. Nxa5 Bxd3 21. Rxd3 Qxa5
22. Nd2 Nb6 23. Rxd8+ Bxd8 24. Nb3 Qa8 25. a5 Nbd7 26. Qc4 h6 27. Rd1 Qa7 28.
Bd6 Ne8 29. e5 Nxd6 30. exd6 Ne5 31. Qe2 c4 32. Qxe5 cxb3 33. Qb5 g6 34. Rd3
Rc1+ 35. Bf1 Rc5 36. Qe8+ Kg7 37. Qxd8 Rf5 38. Re3 Rxa5 39. Rf3 Rd5 40. Qe7 1-0

[Event "Titled Tue 1st Jul Late"]
[Site "chess.com INT"]
[Date "2025.07.01"]
[Round "3"]
[White "Hua, Lefong"]
[Black "Hansen, Eric"]
[Result "0-1"]
[WhiteTitle "FM"]
[BlackTitle "GM"]
[WhiteElo "2305"]
[BlackElo "2609"]
[WhiteFideId "2602253"]
[BlackFideId "2606771"]
[EventDate "2025.07.01"]

1. d4 Nf6 2. c4 e6 3. Nc3 Bb4 4. f3 O-O 5. a3 Bxc3+ 6. bxc3 c5 7. e4 Nc6 8. Be3
b6 9. Bd3 Ba6 10. Nh3 Ne8 11. O-O Na5 12. Qe2 Rc8 13. Rac1 Nd6 14. e5 Nf5 15.
Bf2 d5 16. cxd5 Bxd3 17. Qxd3 Qxd5 18. c4 Qd7 19. d5 Rfd8 20. Rfd1 b5 21. g4 Ne7
22. d6 Ng6 23. f4 Nxc4 24. Qc3 Qc6 25. a4 a6 26. axb5 axb5 27. Qg3 Ra8 28. Rxc4
bxc4 29. f5 c3 30. fxg6 fxg6 31. Qxc3 Qa4 32. Qf3 Rf8 33. Qe2 Qb3 0-1

[Event "Titled Tue 1st Jul Late"]
[Site "chess.com INT"]
[Date "2025.07.01"]
[Round "3"]
[White "Turcsanyi, Vince Gergo"]
[Black "Sochacki, Christophe"]
[Result "0-1"]
[WhiteTitle "FM"]
[BlackTitle "GM"]
[WhiteElo "2312"]
[BlackElo "2449"]
[WhiteFideId "791784"]
[BlackFideId "662569"]
[EventDate "2025.07.01"]

1. e4 e6 2. d4 d5 3. Nd2 e5 4. dxe5 dxe4 5. Nxe4 Qxd1+ 6. Kxd1 Nc6 7. Bf4 Nge7
8. Bg3 Nf5 9. Nf3 Nxg3 10. hxg3 Bg4 11. Bb5 O-O-O+ 12. Ke1 Bxf3 13. gxf3 Nd4 14.
Ba4 Nxf3+ 15. Ke2 Nxe5 16. f4 Nc6 17. Bxc6 bxc6 18. Ng5 f6 19. Nf7 Re8+ 20. Kf3
Rg8 21. Rxh7 Bc5 22. Rah1 Kb7 23. f5 Re3+ 24. Kg4 Re2 25. R1h2 Re4+ 26. Kf3 Re7
27. Nh8 Re3+ 28. Kg4 Bd6 29. R2h3 Re2 30. Rh2 Re4+ 31. Kf3 Re5 32. R2h5 Rge8 33.
Rxg7 Re2 34. Nf7 R8e3+ 35. Kg4 Rxg3+ 36. Kh4 Rh2# 0-1

[Event "Titled Tue 1st Jul Late"]
[Site "chess.com INT"]
[Date "2025.07.01"]
[Round "3"]
[White "Toktomushev, Teimur"]
[Black "Moghaddamian, Afshin"]
[Result "0-1"]
[WhiteTitle "FM"]
[BlackTitle "CM"]
[WhiteElo "2390"]
[BlackElo "2126"]
[WhiteFideId "14176726"]
[BlackFideId "12503886"]
[EventDate "2025.07.01"]

1. d4 Nf6 2. c4 g6 3. Nc3 d5 4. cxd5 Nxd5 5. e4 Nxc3 6. bxc3 Bg7 7. Be3 c5 8.
Qd2 Qa5 9. Nf3 Nc6 10. Rc1 cxd4 11. cxd4 Qxd2+ 12. Kxd2 O-O 13. d5 Rd8 14. Bc4
Na5 15. Bd3 e6 16. Bg5 f6 17. Bf4 exd5 18. Bc7 Rd7 19. e5 Nc4+ 20. Ke2 Rxc7 21.
exf6 Bxf6 22. h3 Bd7 23. Rhd1 Ba4 24. Re1 Re8+ 25. Kf1 Rxe1+ 26. Rxe1 Re7 27.
Rc1 Bb5 28. Kg1 Kg7 29. g4 g5 30. h4 h6 31. hxg5 hxg5 32. Rb1 a6 33. Rc1 Ne5 34.
Nxe5 Bxe5 35. Bf5 Bc6 36. f3 Bf4 37. Rd1 d4 38. Kf2 Be3+ 39. Kg2 Bd7 40. Be4 Bc6
41. Bf5 Be8 42. Be4 Bg6 43. Bd5 Rd7 44. Be6 Rc7 45. Kf1 Rc2 46. Ke1 d3 47. Bc4
Rxc4 0-1

[Event "Titled Tue 1st Jul Late"]
[Site "chess.com INT"]
[Date "2025.07.01"]
[Round "3"]
[White "Lezcano, Gustavo"]
[Black "Gerbelli Neto, Eduardo"]
[Result "0-1"]
[WhiteElo "2007"]
[BlackElo "2114"]
[WhiteFideId "103306"]
[BlackFideId "2103281"]
[EventDate "2025.07.01"]

1. Nf3 Nf6 2. c4 c5 3. g3 d5 4. cxd5 Nxd5 5. Bg2 Nc6 6. O-O e5 7. d3 Be7 8. Nc3
Nc7 9. a3 Rb8 10. b4 cxb4 11. axb4 Bxb4 12. Bb2 O-O 13. Qb3 a5 14. Ne4 Be6 15.
Qa4 b5 16. Qc2 Nd4 17. Nxd4 exd4 18. Nc5 Bd5 19. Rfc1 Bxg2 20. Kxg2 Qd5+ 21. f3
Ne6 22. Ne4 f5 23. Nf2 Nc5 24. Rxa5 Nb3 25. Raa1 Nxa1 26. Bxa1 Rbc8 27. Qxc8
Rxc8 28. Rxc8+ Kf7 29. Kf1 Bd2 30. Rc2 Be3 31. Nd1 Qb3 32. Rc7+ Ke6 33. Nxe3
dxe3 34. Rc1 g5 35. Bd4 f4 36. gxf4 gxf4 37. Ra1 Kd5 38. Bf6 Qc2 39. Bg5 Ke5 40.
Re1 b4 0-1

[Event "Titled Tue 1st Jul Late"]
[Site "chess.com INT"]
[Date "2025.07.01"]
[Round "3"]
[White "Nguyen Hong Nhung"]
[Black "Shandrygin, Nikita"]
[Result "1-0"]
[WhiteTitle "WFM"]
[BlackTitle "FM"]
[WhiteElo "2201"]
[BlackElo "2209"]
[WhiteFideId "12412201"]
[BlackFideId "24198668"]
[EventDate "2025.07.01"]

1. e4 c5 2. Nc3 e6 3. d4 cxd4 4. Qxd4 Nc6 5. Qd3 Nf6 6. Bf4 Bb4 7. O-O-O Bxc3 8.
Qxc3 O-O 9. f3 d5 10. exd5 Nxd5 11. Qc4 Qb6 12. Bd2 Rd8 13. Qb3 Qc7 14. Bd3 e5
15. Bg5 Be6 16. Bxd8 Rxd8 17. Ne2 g6 18. Qa4 Ncb4 19. Kb1 a6 20. c4 Nxd3 21.
cxd5 Bf5 22. Ka1 Rxd5 23. Nc3 Ra5 24. Qe8+ Kg7 25. g4 Bd7 26. Qe7 Nc5 27. Nd5
Qb8 28. Qf6+ Kf8 29. Qh8# 1-0

[Event "Titled Tue 1st Jul Late"]
[Site "chess.com INT"]
[Date "2025.07.01"]
[Round "3"]
[White "Gogolev, Artem"]
[Black "Sharankov, Grigory"]
[Result "1-0"]
[WhiteTitle "IM"]
[BlackTitle "CM"]
[WhiteElo "2240"]
[BlackElo "2238"]
[WhiteFideId "4116615"]
[BlackFideId "4168356"]
[EventDate "2025.07.01"]

1. d4 Nf6 2. c4 e6 3. g3 d5 4. Bg2 g6 5. Nf3 Bg7 6. O-O O-O 7. Qc2 Nc6 8. a3
dxc4 9. Qxc4 e5 10. dxe5 Ng4 11. Nc3 Ngxe5 12. Nxe5 Nxe5 13. Qb5 c6 14. Qb3 Qe7
15. Be3 Be6 16. Qa4 Nc4 17. Bc1 b5 18. Qa6 Rac8 19. Bxc6 Bh3 20. Re1 Bxc3 21.
bxc3 Qf6 22. Bb7 Qxc3 23. Bh6 Rcd8 24. Bxf8 Rxf8 25. Qxb5 Nd2 26. Rac1 Qd4 27.
Qd5 Qb2 28. Red1 Nb3 29. Rb1 Qxe2 30. Qxb3 Re8 31. Qf3 Qe1+ 32. Rxe1 1-0

[Event "Titled Tue 1st Jul Late"]
[Site "chess.com INT"]
[Date "2025.07.01"]
[Round "3"]
[White "Linares Orellana, Hector Jose"]
[Black "Chekletsov, Ilya"]
[Result "0-1"]
[WhiteTitle "FM"]
[BlackTitle "IM"]
[WhiteElo "2111"]
[BlackElo "2338"]
[WhiteFideId "7304307"]
[BlackFideId "24177156"]
[EventDate "2025.07.01"]

1. d4 Nf6 2. c4 e6 3. Nc3 Bb4 4. Nf3 b6 5. Qc2 Bb7 6. Nd2 Bxc3 7. bxc3 d6 8. e4
e5 9. Bd3 O-O 10. O-O a5 11. a4 Qe7 12. Re1 Nbd7 13. Bb2 Rae8 14. Re2 Nh5 15. g3
Qg5 16. Kh1 f5 17. Rf1 Ndf6 18. Bc1 Qg6 19. f3 fxe4 20. Nxe4 Nxe4 21. Bxe4 Bxe4
22. Qxe4 Qxe4 23. Rxe4 exd4 24. Rxe8 Rxe8 25. cxd4 Re2 26. g4 Nf6 27. Bf4 Ra2
28. c5 Rxa4 29. cxd6 cxd6 30. Bxd6 Rxd4 31. Be5 Rd5 32. Bc7 Rb5 33. Rd1 Nd5 34.
Bd8 Kf7 35. h4 a4 36. Kg2 Ne3+ 0-1

[Event "Titled Tue 1st Jul Late"]
[Site "chess.com INT"]
[Date "2025.07.01"]
[Round "3"]
[White "Reinecke, Katharina"]
[Black "Vihaan Karthikeya N"]
[Result "0-1"]
[WhiteTitle "WCM"]
[WhiteElo "1921"]
[BlackElo "2179"]
[WhiteFideId "12929727"]
[BlackFideId "25950673"]
[EventDate "2025.07.01"]

1. d4 d5 2. Nf3 e6 3. g3 Be7 4. Bg2 Nf6 5. O-O O-O 6. c4 c6 7. Nc3 b6 8. cxd5
cxd5 9. b3 Bb7 10. Bb2 Na6 11. Rb1 Rc8 12. Rc1 Nb4 13. a3 Nc6 14. b4 Re8 15. e3
Bd6 16. Nb5 Bb8 17. Re1 Ne4 18. Nd2 a6 19. Nxe4 dxe4 20. Nc3 e5 21. Bxe4 exd4
22. exd4 Qd7 23. Bg2 Nxd4 24. Bxb7 Rxe1+ 25. Qxe1 Qxb7 26. Qe3 Nf3+ 27. Kf1
Nxh2+ 28. Ke2 Ng4 29. Qg5 Re8+ 30. Kd3 Qf3+ 31. Kc2 Qxf2+ 32. Kb3 Nf6 33. Nd5
Qf3+ 34. Nc3 Qxg3 35. Qd2 Bf4 36. Qc2 Bxc1 37. Qxc1 h5 38. a4 h4 39. a5 bxa5 40.
bxa5 Rb8+ 41. Ka2 h3 42. Ne2 Qg2 0-1